000 00269nam a22001217a 4500
008 190227b xxu||||| |||| 00| 0 eng d
041 _aeng
080 _a616-053.2
100 _a8
101 _aPED
245 _aYear Book of Pediatrics
_cGellic,S.S
942 _2udc
_cBK
999 _c54338
_d54338